Règles FIS et SKUS - Statistiques

Statistiques générales
  • Ce quiz a été pris 12 fois
  • Le résultat moyen est 2 sur 14
Statistiques - réponses
Hint Réponse % Correct
SKUS 4 Respect
100%
FIS 9 Prêter secours, avertir le service de sauvetage
50%
FIS 8 Respecter le balisage et la signalisation
50%
FIS 4 Dépasser à une distance appropriée
0%
FIS 2 Descendre à vue. Adapter son comportement et sa vitesse à ses capacités et aux conditions
0%
FIS 7 Monter et descendre à pied uniquement au bord de la piste
0%
FIS 1 Ne pas mettre autrui en danger ou lui porter préjudice
0%
FIS 10 Parties impliquées dans un accident et témoins: faire connaître son identité
0%
SKUS 2 Planifier son passage
0%
SKUS 1 Regarder avant de sauter
0%
FIS 3 Respecter le skieur et le snowboarder aval
0%
FIS 5 S’engager et virer vers l’amont après un examen de l’amont
0%
FIS 6 Stationner au bord de la piste ou à des endroits avec visibilité
0%
SKUS 3 Y aller progressivement
0%
Aucun quiz correspondant
Distribution des résultats
% des personnes avec chaque résultat
Percentile par nombre de réponses
Votre historique - résultats
Vous n’avez pas pris ce quiz